Statistics for World Capitals With Short Names (with a map)

Click here to take the quiz!

General Stats

  • This quiz has been taken 114 times
  • The average score is 187 of 196

Answers on the Map

Answers color-coded by a green-red scale on the quiz's map according to % correct below.
 

Answer Stats

capital% Correct
Amman
100%
x
100%
Lima
94%
Oslo
88%
Riga
88%
Sucre
85%
Bern
84%
Paris
82%
Quito
82%
Kiev
81%
Seoul
81%
Tokyo
81%
Rome
80%
Dili
75%
Minsk
75%
Accra
73%
Rabat
73%
Cairo
72%
Dakar
72%
Suva
72%
Abuja
71%
Lomé
71%
Malé
71%
Dhaka
70%
Doha
70%
Juba
69%
Tunis
69%
Baku
66%
Praia
66%
Vaduz
65%
Apia
64%
Sana'a
64%
Yaren
62%
Kabul
61%
Sofia
61%
Hanoi
60%

Score Distribution

Percentile by Number Answered

Percent of People with Each Score

Your Score History

You have not taken this quiz